000 00869nas a2200289 4500
001 BR0103716
003 BR-BrBNA
005 20231205102347.0
007 ta
008 230509b bl.|||p| |||| 00| 00por d
040 _aBR-BrBNA
_bpor
_cBiblioteca Nacional de Agricultura
041 _a(Pt)
072 _aH20
100 1 _aBarbosa, F.F.L.
100 1 _aMuller, G.W.
100 1 _aVaz Filho, D.
100 1 _aPompeu Junior, J.
245 1 _aPorta-enxertos nao influenciam na expressao da clorose variegada dos citros (CVC)em laranjas-doces
650 _aLaranja Doce
650 _aClorose
650 _aBacteria
650 _aPorta Enxerto
650 _aSintoma
773 0 _tRevista Brasileira de Fruticultura (Brazil)
_xISSN 0100-2945
_g(Apr 2001), v. 23(1) p. 212-214
_wBR0103716
909 _a202311
_bLúcia
_c55
_dLúcia Elande
942 _2AGRIS
_n0
_cANA
999 _c167179
_d167179